Effective communication (Record no. 91698)

MARC details
000 -LEADER
fixed length control field 00453nam a2200169Ia 4500
008 - FIXED-LENGTH DATA ELEMENTS--GENERAL INFORMATION
fixed length control field 230125s9999 xx 000 0 und d
041 ## - LANGUAGE CODE
Language code of text/sound track or separate title eng
082 ## - DEWEY DECIMAL CLASSIFICATION NUMBER
Classification number 658.45
Item number RAI
100 ## - MAIN ENTRY--PERSONAL NAME
Personal name Rai U
9 (RLIN) 108033
245 ## - TITLE STATEMENT
Title Effective communication
260 ## - PUBLICATION, DISTRIBUTION, ETC. (IMPRINT)
Date of publication, distribution, etc. 2003
Name of publisher, distributor, etc. Himalaya Publishing House
Place of publication, distribution, etc. Mumbai
300 ## - PHYSICAL DESCRIPTION
Extent 346p
500 ## - GENERAL NOTE
Keywords Business Communication;Communication
650 ## - SUBJECT ADDED ENTRY--TOPICAL TERM
Topical term or geographic name as entry element Communication
700 ## - ADDED ENTRY--PERSONAL NAME
Personal name Rai U & Rai S M
9 (RLIN) 108034
Holdings
Withdrawn status Lost status Damaged status Not for loan Home library Current library Date acquired Vendor Full call number Barcode Date last seen Bill Date Koha item type Original Barcode
Withdrawn 2022-23       Smt. Hiraben Nanavati Institute of Management & Research for Women Smt. Hiraben Nanavati Institute of Management & Research for Women 30/08/2003 Satya Gilani 658.45 RAI DB0820 HIMR-DB-820 25/01/2023 30/08/2003 Donated Book DB0820